| 000 | 00490nam a2200193Ia 4500 | ||
|---|---|---|---|
| 003 | OSt | ||
| 005 | 20250701162115.0 | ||
| 008 | 210210b1984 xxu||||| |||| 00| 0 eng d | ||
| 040 | _cAL | ||
| 041 | _aeng | ||
| 082 | _a320.954 DESS | ||
| 100 |
_aDesai A E _9210468 |
||
| 245 | _aSocial background of indian nationalism | ||
| 260 |
_aBombay _bPopular Prakashan _c1984 |
||
| 300 | _axxv,461p. | ||
| 690 |
_aPolitical Situation & Condition _9210469 |
||
| 906 | _aSG03107 | ||
| 942 |
_2ddc _cSG |
||
| 999 |
_c114229 _d114229 |
||